[Event "Chioggia op-B 15th"]
[Site "Chioggia"]
[Date "2022.10.02"]
[Round "4"]
[White "Morganti, Lionello"]
[Black "Gomez Becerra, Pablo"]
[Result "1/2-1/2"]
[WhiteElo "1594"]
[BlackElo "1639"]
[PlyCount "39"]
[EventDate "2022.09.30"]
[EventType "swiss"]
[EventRounds "5"]
[EventCountry "ITA"]
[SourceTitle "EXT 2024"]
[Source "ChessBase"]
[SourceDate "2023.10.10"]
[SourceVersion "1"]
[SourceVersionDate "2023.10.10"]
[SourceQuality "1"]

1. e4 c5 2. Nf3 Nc6 3. Bb5 e6 4. 0-0 Nf6 5. Re1 Be7 6. c3 a6 7. Bxc6 bxc6 8. d4 cxd4 9. cxd4 0-0 10. Nc3 d5 11. e5 Nd7 12. Na4 c5 13. Nxc5 Nxc5 14. dxc5 Bxc5 15. b3 Bd7 16. Be3 Ba3 17. Bc1 Qa5 18. Bxa3 Qxa3 19. Qc1 Qa5 20. Qd2 1/2-1/2